| Tag |
First Indicator |
Second Indicator |
Subfields |
| LEADER |
00000cam a2200000 i 4500 |
| 001 |
in00004172813 |
| 005 |
20201020070718.0 |
| 008 |
191218t20202020caua 6 000 1 eng |
| 010 |
|
|
|a 2019058612
|
| 020 |
|
|
|a 9781401294960
|q (hardcover)
|
| 020 |
|
|
|a 1401294960
|q (hardcover)
|
| 035 |
|
|
|a (OCoLC)on1133661467
|
| 035 |
|
|
|a (OCoLC)1133661467
|
| 040 |
|
|
|a DLC
|b eng
|e rda
|c DLC
|d OCLCO
|d OCLCF
|d NBO
|d OCLCO
|d W8A
|d NZAUC
|d JQM
|d OCL
|d TXA
|d UtOrBLW
|
| 042 |
|
|
|a pcc
|
| 050 |
0 |
0 |
|a PN6728.B36
|b S665 2020
|
| 082 |
0 |
0 |
|a 741.5/973
|2 23
|
| 100 |
1 |
|
|a Snyder, Scott,
|e author.
|0 http://id.loc.gov/authorities/names/n2006003289
|
| 245 |
1 |
0 |
|a Batman.
|p Last knight on Earth /
|c Scott Snyder, writer ; Greg Capullo, penciller ; Jonathan Glapion, inker ; FCO Plascencia, colorist ; Tom Napolitano, letterer.
|
| 246 |
3 |
0 |
|a Last knight on Earth
|
| 264 |
|
1 |
|a Burbank, CA :
|b DC Comics,
|c [2020]
|
| 264 |
|
4 |
|c ©2020
|
| 300 |
|
|
|a 1 volume (unpaged) :
|b illustrations (chiefly color) ;
|c 27 cm
|
| 336 |
|
|
|a text
|b txt
|2 rdacontent
|
| 336 |
|
|
|a still image
|b sti
|2 rdacontent
|
| 337 |
|
|
|a unmediated
|b n
|2 rdamedia
|
| 338 |
|
|
|a volume
|b nc
|2 rdacarrier
|
| 500 |
|
|
|a "Batman created by Bob Kane with Bill Finger."
|
| 500 |
|
|
|a "Originally published in single magazine form in Batman: Last Knight on Earth 1-3"--Indicia.
|
| 520 |
|
|
|a "Twenty years in the future Bruce Wayne wakes up in Arkham Asylum. Young. Sane. And...he's never been Batman. So begins this sprawling tale of the Dark Knight as he embarks on a quest through a devastated DC landscape featuring a massive cast of familiar faces from the DC Universe. As he tries to piece together the mystery of his past, he must unravel the cause of this terrible future and track down the unspeakable force that destroyed the world as he knew it."--
|c Provided by publisher.
|
| 600 |
0 |
0 |
|a Batman
|c (Fictitious character)
|v Comic books, strips, etc.
|
| 650 |
|
0 |
|a Superheroes
|v Comic books, strips, etc.
|
| 650 |
|
0 |
|a Vigilantes
|v Comic books, strips, etc.
|
| 600 |
0 |
7 |
|a Batman
|c (Fictitious character)
|2 fast
|0 (OCoLC)fst00828807
|
| 650 |
|
7 |
|a Vigilantes.
|2 fast
|0 (OCoLC)fst01166910
|
| 650 |
|
7 |
|a Superheroes.
|2 fast
|0 (OCoLC)fst01765254
|
| 655 |
|
7 |
|a Superhero comics.
|2 fast
|0 (OCoLC)fst01922562
|
| 655 |
|
7 |
|a Graphic novels.
|2 fast
|0 (OCoLC)fst01726630
|
| 655 |
|
7 |
|a Comic books, strips, etc.
|2 fast
|0 (OCoLC)fst01423722
|
| 655 |
|
7 |
|a Superhero comics.
|2 lcgft
|0 http://id.loc.gov/authorities/genreForms/gf2014026562
|
| 655 |
|
7 |
|a Graphic novels.
|2 lcgft
|0 http://id.loc.gov/authorities/genreForms/gf2014026362
|
| 700 |
1 |
|
|a Capullo, Greg,
|e artist.
|0 http://id.loc.gov/authorities/names/n97073321
|
| 700 |
1 |
|
|a Glapion, Jonathan,
|e inker.
|0 http://id.loc.gov/authorities/names/no2010064854
|
| 700 |
1 |
|
|a Plascencia, Fco,
|e colourist,
|e cover artist.
|0 http://id.loc.gov/authorities/names/nb2011027409
|
| 700 |
1 |
|
|a Napolitano, Tom,
|e letterer.
|0 http://id.loc.gov/authorities/names/n2015039335
|
| 994 |
|
|
|a C0
|b TXA
|
| 948 |
|
|
|a cataloged
|b h
|c 2020/7/18
|d c
|e nbehmer
|f 12:01:10 pm
|
| 999 |
f |
f |
|s 5b48bfa5-e80b-3c86-bf7f-fca0d2497c85
|i 12e118df-ba42-3ab4-b73e-5bf8168a5879
|t 0
|
| 952 |
f |
f |
|p normal
|a Texas A&M University
|b College Station
|c Sterling C. Evans Library
|d Evans: Library Stacks
|t 0
|e PN6728.B36 S665 2020
|h Library of Congress classification
|i unmediated -- volume
|m A14851539800
|
| 998 |
f |
f |
|a PN6728.B36 S665 2020
|t 0
|l Evans: Library Stacks
|